00878nam a22002537a 4500003000900000005001700009008004100026040003300067041000800100050001900108245007300127264007200200300003400272336002200306337002400328338002400352490002700376600005500403610004200458650006100500700003100561942001500592999001700607MX-MxINE20260530115321.0260518t1994 mx a|||| |||| 00| 0 spa d aMX-MxINEbspacMX-MxINEerda aspa aNK8914.A1bR43 aRebozos de la coleccion Robert Everts / cIrene Logan ... [y otros.] aMéxico, D.F. : bMuseo Franz Mayer : bArtes de México, cc1994 a59 páginas :bilustraciones 2rdacontentatexto 2rdamediaasin medio 2rdacarrieravolumen aColeccion Uso y estilo1 aEverts, Robert, d1875-1942xMuseos de arte934420 aMuseo Franz MayervCatálogos934421 42Chales y mantonesvColecciones privadaszMéxico9344221 aLogan, Irene,eautor92426 2lcccBKn1 c13788d13788